| 000 | 00583nam a2200205 a 4500 | ||
|---|---|---|---|
| 999 |
_c5675 _d5675 |
||
| 001 | 5675 | ||
| 003 | BD-JhCC | ||
| 005 | 20190917134018.0 | ||
| 008 | 171219s2011 bg |||| |||| 000 0 ben d | ||
| 035 | _a(BD-JhCC) | ||
| 040 |
_aBD-JhCC _dBD-JhCC |
||
| 041 | _aben | ||
| 082 |
_a891.443 _bRAS 2011 |
||
| 100 | _aরশিদ, শুজা | ||
| 245 |
_aজোৎস্না রাতে / _cশুজা রশিদ |
||
| 260 |
_aঢাকা: _bঅনন্যা; _c২০১১ |
||
| 300 |
_a৯৫ পৃ.; _c২২ সেমি. |
||
| 650 | _aBengla novel | ||
| 942 |
_2ddc _cBK _02 |
||